00394 a2200109 4500082002300000100001900023245008100042260004600123300003400169650006300203700001800266 a970.673.624bB191j aBalser, Carlos aEl Jade en Costa RicabUn Album Arqueologico/ An Archaeological Picture Book aSan Jose, Costa RicabLEHMANN S. A.c1974 a88 p.bill (a color)c21.8 cm xJadexArqueologia costarricensexCarlos BalserzCosta Rica aCarlos Balser